Die Gründe der Strafaufhebung

Saved in:  
Bibliographic Details
Main Author: Mattli, Florian (Author)
Format: Print Book
Language:German
Published: Chur Ebner 1918
In:Year: 1918
Availability in Albert-Krebs Library:LZ.10.056
2015-772
Check availability: HBZ Gateway
Subito Delivery Service: Order now.
Keywords:

MARC

LEADER 00000cam a22000002c 4500
001 1177821680
003 DE-627
005 20241114015931.0
007 tu
008 031103s1918 xx ||||| m 00| ||ger c
035 |a (DE-627)1177821680 
035 |a (DE-576)107821680 
035 |a (DE-599)BSZ107821680 
035 |a (OCoLC)251664908 
040 |a DE-627  |b ger  |c DE-627  |e rakwb 
041 |a ger 
084 |a 2,1  |2 ssgn 
084 |a PH 3200  |2 rvk  |0 (DE-625)rvk/136040: 
100 1 |8 1\p  |a Mattli, Florian  |0 (DE-588)126373663  |0 (DE-627)381993507  |0 (DE-576)295701242  |4 aut 
109 |a Mattli, Florian 
245 1 4 |a Die Gründe der Strafaufhebung  |c F. Mattli 
264 1 |a Chur  |b Ebner  |c 1918 
300 |a XII, 152 S. 
336 |a Text  |b txt  |2 rdacontent 
337 |a ohne Hilfsmittel zu benutzen  |b n  |2 rdamedia 
338 |a Band  |b nc  |2 rdacarrier 
502 |a Bern, Univ., Diss. 
583 1 |a Archivierung prüfen  |c 20200919  |f DE-640  |z 3  |2 pdager 
650 4 |a Strafrecht  |7 (dpeaa)DE-2619 
650 4 |a Strafaufhebungsgrund  |7 (dpeaa)DE-2619 
651 7 |0 (DE-588)4053881-3  |0 (DE-627)104584904  |0 (DE-576)20910614X  |a Schweiz  |2 gnd  |7 (dpeaa)DE-2619 
655 7 |a Hochschulschrift  |0 (DE-588)4113937-9  |0 (DE-627)105825778  |0 (DE-576)209480580  |2 gnd-content 
751 |a Bern  |0 (DE-588)4005762-8  |0 (DE-627)106379933  |0 (DE-576)208862781  |4 uvp 
883 |8 1\p  |a cgwrk  |d 20241001  |q DE-101  |u https://d-nb.info/provenance/plan#cgwrk 
935 |a mkri 
936 r v |a PH 3200  |b Allgemeines  |k Rechtswissenschaft  |k Strafrecht, Strafverfahrensrecht, Kriminologie  |k Strafrecht  |k Rechtsfolgen der Tat  |k Strafen  |k Allgemeines  |0 (DE-627)1271675064  |0 (DE-625)rvk/136040:  |0 (DE-576)201675064 
951 |a BO 
ELC |b 1 
LOK |0 000 xxxxxcx a22 zn 4500 
LOK |0 001 2433264839 
LOK |0 003 DE-627 
LOK |0 004 1177821680 
LOK |0 005 20031103000000 
LOK |0 008 031103||||||||||||||||ger||||||| 
LOK |0 040   |a DE-Frei85  |c DE-627  |d DE-Frei85 
LOK |0 852   |a DE-Frei85 
LOK |0 852 1  |m p  |9 00 
LOK |0 938   |k p 
LOK |0 939   |a 03-11-03  |b l01 
LOK |0 000 xxxxxcx a22 zn 4500 
LOK |0 001 4196257283 
LOK |0 003 DE-627 
LOK |0 004 1177821680 
LOK |0 005 20221011150539 
LOK |0 008 221011||||||||||||||||ger||||||| 
LOK |0 035   |a (DE-2619)k04457 
LOK |0 040   |a DE-2619  |c DE-627  |d DE-2619 
LOK |0 092   |o n 
LOK |0 541   |e Bestand Albert-Krebs-Bibliothek: 2015-772 
LOK |0 852   |a DE-2619 
LOK |0 852 1  |c LZ.10.056  |m p  |9 00 
LOK |0 935   |a kreb 
LOK |0 938   |k p 
LOK |0 939   |a 11-10-22  |b l01 
ORI |a SA-MARC-krimdoka001.raw